000
00245nam a2200097Ia 4500
001
1207839
005
20250827022834.0
008
250824s9999 xx 000 0 und d
245
0
_a
HÜZÜN VE TESADÜF
_c
MUSTAFA KUTLU
260
_b
DERGAH YAYINLARI
999
_c
1207839
_d
1207839